000 00359nam a2200145Ia 4500
008 230917s9999||||xx |||||||||||||| ||und||
040 _e51762
_aMAIN
041 _aEnglish
082 _a342 S64V
100 _aSingh, Birkeshwar
245 0 _aVishav ke pramukh savindhan
260 _aNew Delhi
_bGyanda Prakashan
_c2001
300 _a850/- p.
942 _cBK
999 _c106268
_d106268